Mechanizm ksztaltowania konsumcji zywnosci w Polsce

Guardado en:
Detalles Bibliográficos
Autor principal: Mazurek-Klopacinska, Krystyna
Formato: Libro
Lenguaje:polaco
Publicado: Wroclaw Akademia Ekon. im. Oskara Langego 1986
Edición:1. wyd.
Colección:Prace naukowe Nr.332 Nr.31
Etiquetas: Agregar Etiqueta
Sin Etiquetas, Sea el primero en etiquetar este registro!

MARC

LEADER 00000nam a2200000 4500
001 c040241
005 20221220072003.7
041 0 |a pol 
044 |a PL 
245 1 0 |a Mechanizm ksztaltowania konsumcji zywnosci w Polsce  |c Krystyna Mazurek-Klopacinska 
250 |a 1. wyd. 
264 1 |a Wroclaw  |b Akademia Ekon. im. Oskara Langego  |c 1986 
300 |a 266 s. 
490 1 |a Prace naukowe Nr.332  |v Nr.31 
830 0 |a Prace naukowe Nr.332  |v Nr.31 
100 1 |a Mazurek-Klopacinska, Krystyna